00770 2200277 4500001002100000005001500021035002500036008004100061020002200102040001700124082001200141084001400153100002400167245006400191260003600255300003100291500003400322650001700356850001200373007000300385090001800388090002200406999002200428990002200450990002000472INLIS00000000002053120210323100553 a0010-051600000000965160531s2014 yoi g ind d a978-602-280-512-0 aYOPDYOGbind04223a345 a345 TIN d0 aTina AsmarawaticHj10aDelik-delik yang berada di luar KUHP /cHj. Tina Asmarawati3 aYogyakarta :bDeepublish,c2014 aviii, 616 halaman ;c20 cm aBibliografi : halaman 607-614 4aHukum pidana aYOPDYOGta aDEP 345 TIN d aCB-D.11 2014-2115 aCB-D.11/2014-2115 aCB-D.11/2014-2115 a66759-PD/A.2021